[Event "Berliner Sommer"]
[Site "Berlin"]
[Date "1995.??.??"]
[Round "3"]
[White "Anka, Emil"]
[Black "Novikov, Igor A"]
[Result "1/2-1/2"]
[WhiteElo "2410"]
[BlackElo "2580"]

1.e4 c5 2.Nf3 d6 3.d4 cxd4 4.Nxd4 Nf6 5.Nc3 a6 6.Be3 e6 7.f3 b5 8.g4 h6 9.Qd2 Nbd7
10.h4 b4 11.Na4 d5 12.exd5 Nxd5 13.Bc4 Ne5 14.Bxd5 Qxd5 15.O-O-O Nc4 16.Qe2 Bb7
17.b3 Nxe3 18.Qxe3 Bc5 19.Nxc5 Qxc5 20.Rhe1 O-O-O 21.Rd3 Rd7 22.a3 a5 23.axb4 axb4
24.Kb2 Rhd8 25.c3 Rc7 26.cxb4 Qxb4 27.Rc1 Rd7 28.Rdc3 Rxc3 29.Rxc3+ Kd8 30.Rc4 Qd6
31.f4 Qd5 32.g5 hxg5 33.hxg5 g6 34.Qh3 Qg2+ 35.Qxg2 Bxg2 36.Kc3 Ke7 37.Nc6+ Bxc6
38.Rxc6 Rd5 39.Rc7+ Ke8 40.b4 Rf5 41.Rc8+ Kd7 42.Rc4 f6  1/2-1/2

[Event "Bern op"]
[Site "Bern"]
[Date "1995.??.??"]
[Round "9"]
[White "Gallagher, Joseph G"]
[Black "Shneider, Aleksandr"]
[Result "1-0"]
[WhiteElo "2515"]
[BlackElo "2530"]

1.e4 c5 2.Nf3 d6 3.d4 cxd4 4.Nxd4 Nf6 5.Nc3 a6 6.Be3 e6 7.g4 e5 8.Nf5 g6
9.g5 gxf5 10.exf5 d5 11.gxf6 d4 12.Bc4 Qc7 13.Qd3 dxe3 14.O-O-O Nc6 15.Nd5 Qa5
16.f4 Bh6 17.Kb1 b5 18.fxe5 e2 19.Qxe2 Bb7 20.Bb3 O-O-O 21.e6 Rhe8 22.Qh5 Nb4
23.Ne7+ Kb8 24.Qxh6 Bxh1 25.Rxh1 fxe6 26.a3  1-0

[Event "Biel op"]
[Site "Biel"]
[Date "1995.??.??"]
[Round "6"]
[White "Nevednichy, Vladislav"]
[Black "Gruenfeld, Yehuda"]
[Result "1-0"]
[WhiteElo "2480"]
[BlackElo "2525"]

1.e4 c5 2.Nf3 d6 3.d4 cxd4 4.Nxd4 Nf6 5.Nc3 a6 6.Be3 e5 7.Nb3 Be6 8.f4 exf4
9.Bxf4 Nc6 10.Qe2 g6 11.Qd2 Bg7 12.O-O-O Ne5 13.Kb1 Rc8 14.h3 O-O 15.g4 Qc7
16.Qg2 Qb6 17.Nd5 Bxd5 18.exd5 Rfe8 19.Bc1 Bf8 20.g5 Nh5 21.Be2 Nc4 22.Bxc4 Rxc4
23.Rhf1 Rec8 24.Qf3 Qc7 25.c3 Bg7 26.Be3 Qd7 27.Bd4 Re8 28.Nd2 Rcc8 29.Bxg7 Kxg7
30.Ne4 Re5 31.Qxf7+ Qxf7 32.Rxf7+ Kg8 33.Nxd6 Rd8 34.Nxb7 Rdxd5 35.Rxd5 Rxd5
36.Rf3 Rxg5 37.c4 Rf5 38.Rc3 g5  1-0

[Event "Biel op"]
[Site "Biel"]
[Date "1995.??.??"]
[Round "10"]
[White "Gipslis, Aivars"]
[Black "Kulaots, Kaido"]
[Result "1-0"]
[WhiteElo "2445"]
[BlackElo "2390"]

1.e4 c5 2.Nf3 d6 3.d4 Nf6 4.Nc3 cxd4 5.Nxd4 a6 6.Be3 Ng4 7.Bg5 h6 8.Bh4 g5
9.Bg3 Bg7 10.Qd2 Nc6 11.Nb3 f5 12.exf5 Bxf5 13.Bd3 Qd7 14.O-O-O Nge5 15.Bxf5 Qxf5
16.Qe2 O-O 17.Nd5 e6 18.Ne3 Qf6 19.c3 d5 20.Rhe1 Rfe8 21.Ng4 Nxg4 22.Qxg4 Rac8
23.Nc5 d4 24.Rxe6 Rxe6 25.Qxe6+ Qxe6 26.Nxe6 Bf6 27.Nc5 dxc3 28.bxc3 Bxc3
29.Nxb7 Nd4 30.Rd3 Ne2+ 31.Kd1 Nxg3 32.hxg3 Rc7 33.Nd6 Bb4 34.Ne4 Be7 35.g4 Kf7
36.Nd6+ Ke6 37.Nf5 Bf8 38.Re3+ Kf7 39.Re4 Rc3 40.Ra4 Rc6 41.Kd2 Kf6 42.Kd3 Rb6
43.Ne3 Kg6 44.Nc4 Re6 45.Ra5 Bb4 46.Rf5 Bd6 47.Rd5 Bb8 48.Rd7 Bh2 49.Rb7 Bg1
50.Rb2 h5 51.Re2 Rf6 52.Ne5+ Kg7 53.gxh5 Bxf2 54.Ng4 Rd6+ 55.Ke4 Bb6 56.Kf5 Bd8
57.Re6 Rd5+ 58.Ne5 a5 59.a4 Rd4 60.g3 Rd5 61.Rg6+ Kh7 62.Ke6  1-0

[Event "BRA-ch"]
[Site "?"]
[Date "1995.??.??"]
[Round "3"]
[White "Milos, Gilberto"]
[Black "Limp, Eduardo"]
[Result "1-0"]
[WhiteElo "2555"]
[BlackElo "2325"]

1.e4 c5 2.Nf3 d6 3.d4 cxd4 4.Nxd4 Nf6 5.Nc3 a6 6.Be3 e5 7.Nb3 Qc7 8.f3 Be6
9.Nd5 Bxd5 10.exd5 Be7 11.Be2 O-O 12.O-O Rc8 13.c4 a5 14.Rc1 Na6 15.Qd2 b6
16.Na1 Nd7 17.Nc2 Ndc5 18.Na3 Bf6 19.Nb5 Qe7 20.Rce1 Re8 21.Bd1 Nc7 22.Nc3 Qd8
23.Bc2 N7a6 24.a3 g6 25.Rb1 Qe7 26.b4 axb4 27.axb4 Nd7 28.Ba4 Nab8 29.Bc6 Ra6
30.Nb5  1-0

[Event "BRA-ch"]
[Site "?"]
[Date "1995.??.??"]
[Round "7"]
[White "Milos, Gilberto"]
[Black "Sunye Neto, Jaime"]
[Result "1-0"]
[WhiteElo "2555"]
[BlackElo "2510"]

1.e4 c5 2.Nf3 d6 3.d4 cxd4 4.Nxd4 Nf6 5.Nc3 a6 6.Be3 e6 7.g4 h6 8.Qf3 Nc6
9.Nxc6 bxc6 10.h4 h5 11.gxh5 Nxh5 12.O-O-O Qc7 13.Ne2 Qa5 14.Kb1 Rb8 15.Ba7 Rb7
16.Bd4 e5 17.Bc3 Qc7 18.Ng3 Nxg3 19.Qxg3 Be6 20.f4 exf4 21.Qxf4 Rh5 22.Be2 Rc5
23.Qg3 d5 24.Qxc7 Rxc7 25.exd5 cxd5 26.Bxa6 Rxc3 27.bxc3 Rxc3 28.Rd3 Rc5
29.Rb3 Bd6 30.Bd3 Rc7 31.Re1 Ke7 32.Bf5 Bc5 33.h5 Bf2 34.Re2 Bd4 35.Rb4 Bc5
36.Rb8 Kd6 37.Bxe6 fxe6 38.a4 d4 39.Ka2 Ra7 40.Kb3 Kd5 41.Rd8+ Bd6 42.c4+ dxc3
43.Re3  1-0

[Event "Brno-B"]
[Site "Brno"]
[Date "1995.??.??"]
[Round "6"]
[White "Arnold, Lothar"]
[Black "David, Pavel"]
[Result "1/2-1/2"]
[WhiteElo "2370"]
[BlackElo "2440"]

1.e4 c5 2.Nf3 d6 3.d4 cxd4 4.Nxd4 Nf6 5.Nc3 a6 6.Be3 e6 7.a4 Nc6 8.Be2 Be7
9.O-O O-O 10.f4 Qc7 11.Kh1 Re8 12.Qd2 Na5 13.Qd3 Rb8 14.Rad1 Nc6 15.Bg1 Nxd4
16.Bxd4 e5 17.Ba7 Ra8 18.Be3 exf4 19.Bxf4 Be6 20.Bxd6 Bxd6 21.Qxd6 Qxd6 22.Rxd6 Rac8
23.Rfd1 Kf8 24.Kg1 Rc5 25.Bf3 Bc8 26.Rd8 Ke7 27.R8d4 Kf8 28.R1d2 Ng4 29.Bxg4 Bxg4
30.Rd8 Be6 31.Rxe8+ Kxe8 32.Kf2 h5 33.Ke3 h4 34.Ne2 Bd7 35.b3 Bc6 36.Nd4 Bd7
37.Kd3 b5 38.axb5 axb5 39.c3 f6 40.Re2 Rg5 41.Nf3 Rg4 42.Kd4 Be6 43.Nd2 Ke7
44.Rf2 Kd6 45.b4 Kc6 46.Nf1 Bd5 47.Nd2 Bg8 48.Ke3 Kb6 49.Kf3 Rg5 50.g3 hxg3
51.hxg3 Rh5 52.Nf1 Rh1 53.Kg2 Rh8 54.Rd2 Kc7 55.Ne3 Be6 56.Nd5+ Kc6 57.Nf4 Bc4
58.Nd5 Re8 59.Ne3 Rxe4 60.Kf3 Re5 61.Rd8  1/2-1/2

[Event "Brussels op"]
[Site "Brussels"]
[Date "1995.??.??"]
[Round "?"]
[White "Dutreeuw, Marc"]
[Black "Van Mechelen, Jan"]
[Result "1-0"]
[WhiteElo "2380"]
[BlackElo "2200"]

1.e4 c5 2.Nf3 d6 3.d4 cxd4 4.Nxd4 Nf6 5.Nc3 a6 6.Be3 e5 7.Nde2 Be7 8.Ng3 Qc7
9.Nh5 Nxh5 10.Nd5 Qc6 11.Qxh5 Bd8 12.Bd3 Be6 13.c4 Nd7 14.O-O Nc5 15.Bc2 Qc8
16.Qd1 O-O 17.b4 Nd7 18.Bb3 a5 19.a3 axb4 20.axb4 Rxa1 21.Qxa1 Bxd5 22.exd5 f5
23.f4 Bf6 24.Qc1 exf4 25.Bxf4 Ne5 26.Qc2 g5 27.Bc1 f4 28.c5 Ng4 29.Qd3 Ne5
30.Qe4 dxc5 31.Bb2 Re8 32.d6+ Kg7 33.Ba4 Nc6 34.Bxf6+ Kxf6 35.Qxh7 Rh8 36.Qc2 Nxb4
37.Qc3+ Kg6 38.d7 Qf8 39.Rd1 Qd8 40.Rd6+ Kh5  1-0

[Event "Budapest FS07 IM-A"]
[Site "Budapest"]
[Date "1995.??.??"]
[Round "?"]
[White "Turzo, Attila"]
[Black "Cao Sang"]
[Result "1/2-1/2"]
[WhiteElo "2310"]
[BlackElo "2420"]

1.e4 c5 2.Nf3 d6 3.d4 cxd4 4.Nxd4 Nf6 5.Nc3 a6 6.Be3 e5 7.Nf3 Be7 8.Bc4 O-O
9.O-O Nbd7 10.Qe2 b5 11.Bb3 Bb7 12.Bg5 Rc8 13.Bxf6 Nxf6 14.Rfd1 Rc5 15.Ne1 Qa8
16.f3 d5 17.Nxd5 Nxd5 18.exd5 Bxd5 19.Nd3 Bc4 20.Qe4 Qxe4 21.fxe4 Bxb3 22.cxb3 Rc2
23.Rac1 Rfc8 24.Rxc2 Rxc2 25.Rc1 Bc5+ 26.Kf1 Rxc1+ 27.Nxc1 Bd4 28.Nd3 a5
29.g4 f6 30.a4 b4 31.Ke2 Kf7 32.Kf3 Kg6 33.Nc1 h5 34.h3 Kg5 35.Kg3 hxg4 36.hxg4 g6
37.Kf3 Bxb2 38.Ne2 Kh4 39.Ng1 Bd4 40.Ne2 Kh3 41.Ng3 Kh2 42.Nf1+ Kh3 43.Nd2 Bb6
44.Nc4 Bc7 45.Ne3 Kh4 46.Ng2+ Kg5 47.Ne3 Bd8 48.Nc4 Bc7 49.Ne3 Bb6 50.Nc4 Bd8
51.Nd6 Bc7 52.Nc4 f5 53.gxf5 gxf5 54.exf5 Kxf5 55.Ne3+ Ke6 56.Ke4  1/2-1/2

[Event "Budapest FS07 IM-A"]
[Site "Budapest"]
[Date "1995.??.??"]
[Round "?"]
[White "Cao Sang"]
[Black "Dobos, Jozsef"]
[Result "1-0"]
[WhiteElo "2420"]
[BlackElo "2350"]

1.e4 c5 2.Nf3 d6 3.d4 cxd4 4.Nxd4 Nf6 5.Nc3 a6 6.Be3 e5 7.Nb3 Be6 8.Qe2 Nbd7
9.O-O-O Rc8 10.f3 Qc7 11.g4 Nb6 12.g5 Nh5 13.Qf2 Nc4 14.Bxc4 Qxc4 15.Na5 Qc7
16.Bb6 Qd7 17.Nb3 Be7 18.h4 Rxc3 19.bxc3 Qa4 20.Kb2 O-O 21.Bc7 Nf4 22.Bxd6 Bxd6
23.Rxd6 g6 24.Rhd1 Qc4 25.Rd8  1-0

[Event "Budapest Elekes"]
[Site "Budapest"]
[Date "1995.??.??"]
[Round "1"]
[White "Fogarasi, Tibor"]
[Black "Danner, Georg"]
[Result "1/2-1/2"]
[WhiteElo "2500"]
[BlackElo "2440"]

1.e4 c5 2.Nf3 d6 3.d4 cxd4 4.Nxd4 Nf6 5.Nc3 a6 6.Be3 e5 7.Nb3 Be6 8.f4 exf4
9.Bxf4 Nc6 10.Qd2 Be7 11.O-O-O Ne5 12.Nd4 Qc7 13.h3 O-O 14.Nf5 Bxf5 15.exf5 Rac8
16.g4 h6 17.Qe3 b5 18.a3 Qb7 19.Rg1 b4 20.axb4 Qxb4 21.Rd4 Qb7 22.Bg2 Qb6
23.Ra4 Qb8 24.g5 hxg5 25.Bxg5 Rfe8 26.Nd5 Nxd5 27.Bxd5 Bxg5 28.Qxg5 Nd3+
29.Kd2 Qxb2 30.Rc4 Rxc4 31.Bxc4 Nc5 32.Bxf7+ Kf8 33.Bd5 Qd4+ 34.Kc1 Qa1+
35.Kd2 Qe5 36.f6 Qxg5+ 37.Rxg5 gxf6 38.Rg8+ Ke7 39.Rg7+ Kd8 40.Rf7 Re5 41.c4 Rh5
42.Bg2 Nd7 43.Bf3 Rh6 44.Bg4 Ne5 45.Ra7 Nxc4+ 46.Kd3 Ne5+ 47.Ke4 Nc6 48.Rxa6 d5+
49.Kf4 Kc7 50.Kg3 Kd6 51.h4 Kc5 52.h5 Ne5 53.Ra5+ Kd4 54.Be6 Rxh5 55.Rxd5+ Ke3
56.Ra5 Rg5+ 57.Kh3 Rg1 58.Ra3+ Kf4 59.Kh2 Re1 60.Ra4+ Kg5 61.Kg3 Re3+ 62.Kg2 Nd3
63.Ra5+ Kh6 64.Bf5 Ne5 65.Ra8 Kg5 66.Be6 Nc6 67.Bd7 Nd4 68.Rg8+ Kf4 69.Rg4+ Ke5
70.Rg8 Ra3 71.Rf8 Ra7 72.Bg4 Rg7 73.Kh3 Rg6 74.Rd8 Ke4 75.Rd7 Nf5 76.Bxf5+ Kxf5
77.Rd1 Rg5 78.Rf1+ Kg6 79.Rf2 f5 80.Rg2  1/2-1/2

[Event "Budapest FS12 IM"]
[Site "Budapest"]
[Date "1995.??.??"]
[Round "2"]
[White "Turzo, Attila"]
[Black "Kersten, Uwe"]
[Result "1-0"]
[WhiteElo "2310"]
[BlackElo "2320"]

1.e4 c5 2.Nf3 d6 3.d4 cxd4 4.Nxd4 Nf6 5.Nc3 a6 6.Be3 e5 7.Nf3 Qc7 8.a4 Nbd7
9.Nd2 Be7 10.a5 b5 11.axb6 Nxb6 12.Bxb6 Qxb6 13.Bb5+ Kf8 14.Nc4 Qc5 15.Nd2 Bb7
16.Bd3 Bd8 17.O-O g6 18.Nb3 Qc6 19.Qe2 Kg7 20.Ra4 Nh5 21.g3 Nf6 22.Rfa1 h5
23.Bxa6 Bxa6 24.Rxa6 Bb6 25.Qb5 Rxa6 26.Rxa6 Qxb5 27.Nxb5 Rb8 28.Nxd6 Ng4
29.Kg2 h4 30.h3 Nf6 31.Kf3 hxg3 32.fxg3 Bc7  1-0

[Event "Budapest FS08 IM-A"]
[Site "Budapest"]
[Date "1995.??.??"]
[Round "6"]
[White "Kiss, Gedeon"]
[Black "Huber, Gregory"]
[Result "0-1"]
[WhiteElo "2120"]
[BlackElo "2265"]

1.e4 c5 2.Nf3 d6 3.d4 cxd4 4.Nxd4 Nf6 5.Nc3 a6 6.Be3 e6 7.f3 b5 8.Qd2 Nbd7
9.g4 Ne5 10.g5 Nfd7 11.f4 Nc4 12.Bxc4 bxc4 13.O-O-O Qc7 14.h4 Rb8 15.h5 Nc5
16.e5 dxe5 17.Nc6 Nd3+ 18.cxd3 Qxc6 19.dxc4 Be7 20.fxe5 Qxc4 21.g6 O-O 22.gxh7+ Kh8
23.Bg5 Bb4 24.Rh4 Bxc3 25.Rxc4 Bxd2+ 26.Rxd2 Bb7 27.h6 g6 28.Kb1 Bd5 29.Rc7 Rbc8
30.Rxc8 Rxc8 31.b3 Rc3 32.Kb2 Rg3 33.Bf6+ Kxh7 34.Bg7 g5 35.Rd1 g4 36.Rc1 Rg2+
37.Ka3 g3 38.Rc8 Rh2 39.Rh8+ Kg6 40.Bf6 g2 41.Rg8+ Kxh6 42.Rg3 Rh1 43.Bg5+ Kg6
44.Be3+ Kf5 45.Rg7 Kxe5 46.Rxf7 Ke4 47.Bb6 g1=Q 48.Bxg1 Rxg1 49.Ra7 Rg8 50.Kb4 Ra8
51.Rh7 Kd4 52.Rh4+ Be4 53.a4 a5+ 54.Kb5 e5 55.b4 axb4 56.Kxb4 Rb8+ 57.Ka5 Kc5  0-1

[Event "Budapest FS05 GM"]
[Site "Budapest"]
[Date "1995.??.??"]
[Round "6"]
[White "Varavin, Viktor"]
[Black "Bigaliev, Renat"]
[Result "1-0"]
[WhiteElo "2520"]
[BlackElo "2345"]

1.e4 c5 2.Nf3 d6 3.d4 cxd4 4.Nxd4 Nf6 5.Nc3 a6 6.Be3 e5 7.Nb3 Be6 8.Qd2 Nbd7
9.O-O-O Be7 10.f3 b5 11.g4 h6 12.h4 Nb6 13.Qf2 Nfd7 14.Nd5 Bxd5 15.exd5 Qc7
16.Kb1 Nc4 17.Bc1 Qb6 18.Qe1 Rc8 19.Bd3 Nc5 20.f4 Na4 21.g5 h5 22.Rh2 Rc7
23.Re2 f6 24.gxf6 Bxf6 25.fxe5 Bxe5 26.Bxc4 bxc4 27.Rxe5+ dxe5 28.d6 Rd7
29.Qxe5+ Kd8 30.Qe4 Rxd6 31.Bg5+ Kc8 32.Rxd6 Qxd6 33.Qxc4+ Qc7 34.Qxa6+ Qb7
35.Qc4+ Kb8 36.Qxa4 Rf8 37.Bf4+  1-0

[Event "Budapest FS02 IM-A"]
[Site "Budapest"]
[Date "1995.??.??"]
[Round "8"]
[White "Dobos, Jozsef"]
[Black "Vajda, Levente"]
[Result "0-1"]
[WhiteElo "2325"]
[BlackElo "2320"]

1.e4 c5 2.Nf3 d6 3.d4 cxd4 4.Nxd4 Nf6 5.Nc3 a6 6.Be3 e5 7.Nb3 Be6 8.Qd2 Be7
9.f3 Nbd7 10.O-O-O b5 11.g4 Nb6 12.Kb1 b4 13.Bxb6 Qxb6 14.Nd5 Nxd5 15.exd5 Bd7
16.Bd3 a5 17.Qe2 Bg5 18.Nd2 Bxd2 19.Rxd2 O-O 20.h4 f5 21.gxf5 Bxf5 22.Be4 Rf7
23.h5 Raf8 24.b3 Bxe4 25.fxe4 Rf2 26.Qd1 R2f4 27.Qe1 a4 28.bxa4 Qa6 29.Qe2 Qxa4
30.Qc4 Rb8 31.Re2 Rf3  0-1

[Event "Budapest Furdo"]
[Site "Budapest"]
[Date "1995.??.??"]
[Round "8"]
[White "Sziebert, Adam"]
[Black "Bartha, Sandor"]
[Result "0-1"]
[WhiteElo "2330"]
[BlackElo "2205"]

1.e4 c5 2.Nf3 d6 3.d4 cxd4 4.Nxd4 Nf6 5.Nc3 a6 6.Be3 Ng4 7.Bc1 Nc6 8.Nxc6 bxc6
9.h3 Nf6 10.Bc4 Qc7 11.O-O e6 12.Bf4 Be7 13.Qe2 O-O 14.Rad1 Ne8 15.Na4 Qa5
16.Bb3 c5 17.e5 d5 18.c4 d4 19.Qe4 Rb8 20.Bc2 g6 21.b4 cxb4 22.Qxd4 Ng7 23.Qe3 Qc7
24.Nb2 Bb7 25.Be4 Bxe4 26.Qxe4 Rfd8 27.g4 Qa5 28.Rxd8+ Rxd8 29.Qb7 Bf8 30.Bg5 Re8
31.Nd3 Qxa2 32.c5 Qd5 33.Qxd5 exd5 34.Nxb4 Rxe5 35.Bf4 Re2 36.Rc1 Ne6 37.Bd6 d4
38.Bxf8 Kxf8 39.c6 Nc7 40.Kf1 Re6 41.Nxa6 Nxa6 42.c7 Nxc7 43.Rxc7 Ra6 44.Rd7 Ra4
45.Ke2 Ke8 46.Rd5 Ke7 47.Kd3 Ra3+ 48.Kxd4 Rxh3 49.Ke4 h6 50.Ra5 Rb3 51.f3 Rb6
52.Kf4 Rd6 53.Kg3 Ke6 54.Rb5 Rd5 55.Rb6+ Ke5 56.Rb7 f5 57.Rh7 f4+ 58.Kg2 Rd2+
59.Kg1 Kd4 60.Rxh6 Ke3 61.Rxg6 Kxf3 62.Ra6 Kg3 63.Ra1 f3 64.g5 Rg2+  0-1

[Event "Budapest FS05 GM"]
[Site "Budapest"]
[Date "1995.??.??"]
[Round "9"]
[White "Wallace, John Paul"]
[Black "Szekely, Peter"]
[Result "1/2-1/2"]
[WhiteElo "2345"]
[BlackElo "2455"]

1.e4 c5 2.Nf3 d6 3.d4 cxd4 4.Nxd4 Nf6 5.Nc3 a6 6.Be3 Ng4 7.Bg5 h6 8.Bh4 g5
9.Bg3 Bg7 10.Qd2 Nc6 11.Nb3 b5 12.f3 Nge5 13.Bf2 Rb8 14.O-O-O Bd7 15.Nd4 Qa5
16.Kb1 O-O 17.h4 g4 18.f4 Nc4 19.Bxc4 bxc4 20.Ka1 Qb6 21.b3 cxb3 22.cxb3 Rfc8
23.Nf5 Qa5 24.Nxg7 Kxg7 25.Qb2 f6 26.Nd5 Nb4 27.Nxb4 Qxb4 28.e5 Bf5 29.exf6+ exf6
30.Rd2 Rc6 31.Rd4 Qb7 32.Rc1 Rxc1+ 33.Qxc1 Rc8 34.Qe1 Qc7 35.Rc4 Qb7 36.Rxc8 Qxc8
37.Bd4 Kf7 38.Bb2 Qc2 39.g3 h5 40.Qg1 Be4 41.Qe1  1/2-1/2

[Event "Budapest Elekes"]
[Site "Budapest"]
[Date "1995.??.??"]
[Round "10"]
[White "Fogarasi, Tibor"]
[Black "Enders, Peter"]
[Result "1-0"]
[WhiteElo "2500"]
[BlackElo "2480"]

1.e4 c5 2.Nf3 d6 3.d4 cxd4 4.Nxd4 Nf6 5.Nc3 a6 6.Be3 e6 7.Qd2 Be7 8.f3 b5
9.g4 O-O 10.O-O-O b4 11.Nce2 a5 12.Ng3 d5 13.g5 Ne8 14.e5 a4 15.Kb1 Nc7 16.f4 Re8
17.h4 Qd7 18.Nh5 Kh8 19.Nf6 gxf6 20.gxf6 Bc5 21.Rg1 Qd8 22.Bd3  1-0

[Event "Budapest FS02 GM"]
[Site "Budapest"]
[Date "1995.??.??"]
[Round "10"]
[White "Fogarasi, Tibor"]
[Black "Wallace, John Paul"]
[Result "1-0"]
[WhiteElo "2500"]
[BlackElo "2345"]

1.e4 c5 2.Nf3 d6 3.d4 cxd4 4.Nxd4 Nf6 5.Nc3 a6 6.Be3 e6 7.Qd2 Be7 8.f3 Nc6
9.g4 O-O 10.O-O-O Qc7 11.g5 Nd7 12.h4 Rb8 13.f4 Nxd4 14.Bxd4 b5 15.a3 Nb6
16.h5 Re8 17.g6 Bf8 18.gxh7+ Kxh7 19.e5 d5 20.Bd3+ Kh8 21.Qg2 Nc4 22.Rdg1 b4
23.h6 g6 24.Bxg6 bxc3 25.Bxc3 Bc5 26.Bh7 f5 27.Qg7+  1-0

[Event "Budapest FS08 IM-A"]
[Site "Budapest"]
[Date "1995.??.??"]
[Round "10"]
[White "Kiss, Gedeon"]
[Black "Petit, Rene"]
[Result "1-0"]
[WhiteElo "2120"]
[BlackElo "2155"]

1.e4 c5 2.Nf3 d6 3.d4 cxd4 4.Nxd4 Nf6 5.Nc3 a6 6.Be3 e5 7.Nb3 Be7 8.f3 b5
9.Qd2 Bb7 10.O-O-O Nbd7 11.g4 h6 12.h4 Rc8 13.Rg1 Nb6 14.g5 hxg5 15.hxg5 b4
16.Nb5 Nxe4 17.fxe4 Bxe4 18.Bd3 Nc4 19.Qe2 Bxd3 20.Qxd3 axb5 21.g6 Nxe3 22.gxf7+ Kf8
23.Qxe3 Rh2 24.Rd2 Rxd2 25.Qxd2 Qc7 26.Kb1 Kxf7 27.Qd5+ Kf8 28.Rh1 Bf6 29.Qe6 Qxc2+
30.Ka1 Bh4 31.Qxd6+ Be7 32.Rh8+ Kf7 33.Qd5+ Kg6 34.Qe6+  1-0

[Event "Budapest FS08 IM-A"]
[Site "Budapest"]
[Date "1995.??.??"]
[Round "11"]
[White "Madl, Ildiko"]
[Black "Hedman, Erik"]
[Result "1/2-1/2"]
[WhiteElo "2370"]
[BlackElo "2320"]

1.e4 c5 2.Nf3 d6 3.d4 cxd4 4.Nxd4 Nf6 5.Nc3 a6 6.Be3 Ng4 7.Bg5 h6 8.Bh4 g5
9.Bg3 Bg7 10.Qd2 Nc6 11.Nb3 Be6 12.f3 Nge5 13.Nd5 b5 14.Bf2 Rb8 15.Nd4 Qd7
16.Nxc6 Qxc6 17.c3 f5 18.Nb4 Qb7 19.exf5 Bxf5 20.Nc2 Bxc2 21.Qxc2 O-O 22.O-O-O g4
23.fxg4 Nxg4 24.Bd4 e5 25.Bg1 e4 26.h3 Ne5 27.Be3 d5 28.Qd2 Rxf1 29.Rhxf1 Nd3+
30.Kb1 b4 31.cxb4 Bxb2 32.Bxh6 Qxb4 33.Qxb4 Rxb4 34.Kc2 Ba3 35.Rb1 Rc4+ 36.Kd2 Bb4+
37.Ke3 Bc5+ 38.Kd2 Ra4 39.Rb8+ Kh7 40.Bf8 Rxa2+ 41.Kc3 Ra3+ 42.Kc2 Ra2+ 43.Kb1 Rxg2
44.Rf7+ Kg8 45.Rf5 Rg1+ 46.Kc2 Rc1+ 47.Kd2 Bxf8 48.Rbxf8+ Kg7 49.R8f7+ Kg6
50.R7f6+ Kg7 51.Rd6 Rh1 52.Rfxd5 Rxh3 53.Rxa6 Rf3 54.Re6 Rf6 55.Re7+ Kg6
56.Ke3 Nf4 57.Rde5 Nh3 58.Kxe4 Ng5+ 59.Ke3 Ra6 60.Rxg5+  1/2-1/2

[Event "Budapest FS06 IM"]
[Site "Budapest"]
[Date "1995.??.??"]
[Round "11"]
[White "Aagaard, Jacob"]
[Black "Peter, Ambrus"]
[Result "0-1"]
[WhiteElo "2245"]
[BlackElo "2335"]

1.e4 c5 2.Nf3 d6 3.d4 Nf6 4.Nc3 cxd4 5.Nxd4 a6 6.Be3 e5 7.Nb3 Be6 8.Qd2 Be7
9.f3 O-O 10.O-O-O a5 11.a4 Nc6 12.g4 Nb4 13.g5 Nh5 14.Nd5 Bxd5 15.exd5 Rc8
16.c3 Qd7 17.Bb5 Qf5 18.Qg2 Nf4 19.Bxf4 Qxf4+ 20.Kb1 Qf5+ 21.Ka1 Nc2+ 22.Ka2 Ne3  0-1

[Event "Budapest FS08 GM"]
[Site "Budapest"]
[Date "1995.??.??"]
[Round "12"]
[White "Sziebert, Adam"]
[Black "Borocz, Istvan"]
[Result "0-1"]
[WhiteElo "2390"]
[BlackElo "2410"]

1.e4 c5 2.Nf3 d6 3.d4 cxd4 4.Nxd4 Nf6 5.Nc3 a6 6.Be3 e5 7.Nb3 Be6 8.f4 exf4
9.Bxf4 Nc6 10.Nd4 Qb6 11.Nxe6 fxe6 12.Qd2 Ne5 13.O-O-O Be7 14.h3 Rc8 15.g4 O-O
16.Be2 Qc6 17.Bxe5 dxe5 18.Bf3 Ne8 19.Be2 Nd6 20.Bd3 b5 21.Kb1 b4 22.Ne2 Nxe4
23.Bxe4 Qxe4 24.Ng3 Qc6 25.Rhf1 Rf4 26.Qe2 Bh4 27.Rxf4 exf4  0-1

[Event "Buenos Aires VII Najdorf op"]
[Site "Buenos Aires"]
[Date "1995.??.??"]
[Round "6"]
[White "Roman, Facundo"]
[Black "Llanos, Guillermo"]
[Result "1/2-1/2"]
[WhiteElo "2305"]
[BlackElo "2405"]

1.e4 c5 2.Nf3 d6 3.d4 cxd4 4.Nxd4 Nf6 5.Nc3 a6 6.Be3 Ng4 7.Bg5 h6 8.Bc1 Nc6
9.Be2 Qb6 10.Bxg4 Qxd4 11.Be3 Qxd1+ 12.Bxd1 Be6 13.Nd5 Bxd5 14.exd5 Nb4 15.c4 b5
16.b3 e6 17.a3 Nd3+ 18.Kd2 Nc5 19.cxb5 axb5 20.b4 Ne4+ 21.Kd3 exd5 22.Bb3 Nf6
23.a4 Be7 24.axb5 Kd7 25.Ra6 Rhc8 26.Rha1 Rab8 27.Ra7+ Ke6 28.Re1 Nd7 29.f4 Bf6
30.Bd1 Ne5+ 31.fxe5 dxe5 32.Bc5 Rxb5 33.Ba4 e4+  1/2-1/2

[Event "Bussum op"]
[Site "Bussum"]
[Date "1995.??.??"]
[Round "1"]
[White "Blees, Albert"]
[Black "Irwin, Mark"]
[Result "1-0"]
[WhiteElo "2410"]
[BlackElo "2040"]

1.e4 c5 2.Nf3 d6 3.d4 cxd4 4.Nxd4 Nf6 5.Nc3 a6 6.Be3 e5 7.Nb3 Be7 8.f3 Be6
9.Qd2 Nbd7 10.g4 Nb6 11.O-O-O Rc8 12.h4 Nfd7 13.g5 Qc7 14.Qg2 O-O 15.h5 f5
16.gxf6 Nxf6 17.Bd3 Rf7 18.f4 Ng4 19.Bxb6 Qxb6 20.f5 Ne3 21.Qg1 Bxb3 22.axb3 h6
23.Kb1 Bg5 24.Rh3 Rfc7 25.Na4 Qa7 26.Re1 b5 27.Nc3 b4 28.Na4 a5 29.Rhxe3 Bxe3
30.Qxe3 d5 31.Qg3 Rc6 32.Qxe5  1-0

[Event "Canaries olJ U16"]
[Site "?"]
[Date "1995.??.??"]
[Round "?"]
[White "Baron Rodriguez, J."]
[Black "Hunt, Adam"]
[Result "0-1"]
[WhiteElo "2255"]
[BlackElo "2205"]

1.e4 c5 2.Nf3 d6 3.d4 cxd4 4.Nxd4 Nf6 5.Nc3 a6 6.Be3 e5 7.Nb3 Be7 8.f3 Be6
9.Qd2 O-O 10.g4 d5 11.Bc5 d4 12.Ne2 Nfd7 13.Bxe7 Qxe7 14.Ng3 Nc6 15.h4 Rac8
16.Bd3 Nb4 17.Nf5 Bxf5 18.gxf5 Rc6 19.Ke2 Rfc8 20.Kd1 Nb6 21.Na5 Rxc2 22.Bxc2 Rxc2
23.Qe1 Na4 24.Rb1 Nxb2+  0-1

[Event "Doeberl Cup"]
[Site "Canberra"]
[Date "1995.??.??"]
[Round "3"]
[White "Rogers, Ian"]
[Black "Sandler, Leonid"]
[Result "1/2-1/2"]
[WhiteElo "2570"]
[BlackElo "2375"]

1.e4 c5 2.Nf3 d6 3.d4 cxd4 4.Nxd4 Nf6 5.Nc3 a6 6.Be3 e6 7.f4 Qc7 8.Qf3 b5
9.Bd3 Bb7 10.O-O-O Nbd7 11.g4 Nc5 12.a3 d5 13.e5 Nfe4 14.Bxe4 Nxe4 15.Nxe4 dxe4
16.Qf2 Be7 17.f5 Qxe5 18.fxe6 O-O 19.Qf5 Bd6 20.h4 fxe6 21.Qxe6+ Kh8 22.h5 Rae8
23.Qxe5 Bxe5 24.h6 Bc8 25.hxg7+ Bxg7 26.g5 Kg8 27.Rdg1 Bxd4 28.Bxd4 Bf5 29.Re1 Bg6
30.Bf6 Rc8 31.Re3 Rc6 32.Rd1 Rfc8 33.c3 R8c7 34.Ree1 Kf7 35.Rd4 Ke6  1/2-1/2

[Event "Cannes op"]
[Site "Cannes"]
[Date "1995.??.??"]
[Round "4"]
[White "Apicella, Manuel"]
[Black "Nalbandian, Tigran"]
[Result "1/2-1/2"]
[WhiteElo "2505"]
[BlackElo "2430"]

1.e4 c5 2.Nf3 d6 3.d4 cxd4 4.Nxd4 Nf6 5.Nc3 a6 6.Be3 e5 7.Nb3 Be6 8.Qd2 Nbd7
9.f3 Be7 10.g4 O-O 11.g5 Nh5 12.Nd5 Bxd5 13.exd5 Nb6 14.Qa5 Nd7 15.Qd2 Nb6
16.O-O-O Rc8 17.Rg1 Nc4 18.Bxc4 Rxc4 19.Rg4 Qc7 20.Na5 Rxg4 21.fxg4 Nf4 22.Bxf4 exf4
23.h4 g6 24.Nb3 Qc4 25.Qd4 Qxd4 26.Nxd4 h6 27.Nf3 hxg5 28.hxg5 Bd8 29.Re1 Kg7
30.Kd2 Rh8 31.Re4 Rh3 32.Rxf4 Rg3 33.Kd1 b5  1/2-1/2

[Event "Cannes Martinez op"]
[Site "Cannes"]
[Date "1995.??.??"]
[Round "5"]
[White "Collas, Didier"]
[Black "Sallen, Laurent"]
[Result "1/2-1/2"]
[WhiteElo "2350"]
[BlackElo "2165"]

1.e4 c5 2.Nf3 d6 3.d4 cxd4 4.Nxd4 Nf6 5.Nc3 a6 6.Be3 e5 7.Nf3 Qc7 8.Nd5 Nxd5
9.Qxd5 Be6 10.Qd2 Be7 11.Ng5 Bc8 12.f4 Nd7 13.Bd3 Nf6 14.h3 O-O 15.O-O-O b5
16.g4 Bb7 17.Qg2 Rac8 18.Kb1 d5 19.fxe5 Qxe5 20.Nf3 Qc7 21.e5 Ne4 22.Bd4 Bc5
23.Qg1 b4 24.g5 a5 25.h4 a4 26.Bxc5 Qxc5 27.Qxc5 Rxc5 28.Rh2 a3 29.Nd4 axb2
30.Kxb2 Nc3 31.Ra1 Ra8 32.Kb3 Ra3+ 33.Kxb4 Rca5 34.Nb3 Nxa2+ 35.Rxa2 R5a4+
36.Kc3 Rxa2 37.h5 Bc8 38.g6 fxg6 39.hxg6 h6 40.Nc5 Rf4  1/2-1/2

[Event "Cannes Martinez op"]
[Site "Cannes"]
[Date "1995.??.??"]
[Round "5"]
[White "Szylar, Eric"]
[Black "Boudenne, Jean"]
[Result "1-0"]
[WhiteElo "2125"]
[BlackElo "2270"]

1.e4 c5 2.Nf3 d6 3.d4 cxd4 4.Nxd4 Nf6 5.Nc3 a6 6.Be3 Ng4 7.Bg5 h6 8.Bh4 g5
9.Bg3 Bg7 10.Be2 h5 11.h4 gxh4 12.Bxh4 Nc6 13.Nb3 Be6 14.Qd2 Qc7 15.f3 Bh6
16.Bg5 Bxg5 17.Qxg5 Nf6 18.Qe3 Ne5 19.O-O-O O-O-O 20.Qa7 Bxb3 21.axb3 Nc6
22.Qe3 Qa5 23.Kb1 Kb8 24.Nd5 Nb4 25.Nxb4 Qxb4 26.Bc4 Rhg8 27.Bxf7 Rxg2 28.e5 Nd7
29.exd6 e5 30.Rxh5 Rf8 31.c3 Qb5 32.Be6 Rd8 33.Bxd7 Qxb3 34.Rd2 Rxd2 35.Qxd2 Rxd7
36.Rh8+ Ka7 37.Qe3+ b6 38.Qe4 Rb7 39.Rh7 Qd1+ 40.Ka2 Rxh7 41.Qxh7+ Ka8 42.Qd7 Kb8
43.Qc6  1-0

[Event "Cannes op"]
[Site "Cannes"]
[Date "1995.??.??"]
[Round "5"]
[White "Olivier, Jean Christophe"]
[Black "Ivanov, Mikhail M"]
[Result "1-0"]
[WhiteElo "2360"]
[BlackElo "2450"]

1.e4 c5 2.Nf3 d6 3.d4 cxd4 4.Nxd4 Nf6 5.Nc3 a6 6.Be3 e6 7.Qd2 b5 8.f3 h5
9.a4 b4 10.Na2 e5 11.Nb3 a5 12.Bb5+ Bd7 13.c3 bxc3 14.Nxc3 Bxb5 15.axb5 Nbd7
16.O-O Be7 17.Qf2 O-O 18.Ra4 Nc5 19.Nxc5 dxc5 20.Bxc5 Bxc5 21.Qxc5 Nd7 22.Qf2 Nb6
23.Raa1 Qc7 24.Rfd1 Rfd8 25.Rac1 Rxd1+ 26.Rxd1 a4 27.Nd5 Nxd5 28.exd5 Qd6
29.h3 Rb8 30.Qa7 Rxb5 31.Qxa4 Rb8 32.Qc6 Rd8 33.Qxd6 Rxd6 34.Kf2 f5 35.f4 e4
36.Ke3 Kf7 37.b4 Rb6 38.Rb1 Ke7 39.Kd4 Kd6 40.Kc4 Rb8 41.b5 Re8 42.b6 e3
43.Kd3 e2 44.Kd2 Kxd5 45.b7 h4 46.Ke1 Rb8 47.Kxe2 Kc4 48.Kd2 Rd8+ 49.Kc2 Rb8
50.Rb2 Kd4 51.Rb4+ Ke3 52.Kc3 Kf2 53.Rb2+ Kg3 54.Kd4 Kxf4 55.Rb3 g6 56.Kd5  1-0